00490nam a2200157Ia 450000500170000000800410001702000180005808200220007610000410009824500810013925000120022026000250023230000130025740000340027065000280030420250411121939.0231217s9999 xx 000 0 und d a9788120309371 a001.64 SMI;2 R1 aSmith, Patrick N. Guengerich, Steve. 0aClient/server computing : all in one reference for total systems development a2nd ed. c1994bPHIaNew Delhi axxv, 354 aProfessional reference series aClient,server,computing